[Event "DEM U10/U10w 2013"]
[Site "Oberhof GER"]
[Date "2013.05.21"]
[Round "5"]
[White "Kurzweil, Naemi"]
[Black "Svane, Freja"]
[Result "1-0"]
[Termination "normal"]
[Board "44"]
[WhiteElo "980"]
[BlackElo "867"]
[PlyCount "137"]
[WhiteFideId "12985708"]
[BlackFideId "12940100"]
[EventCountry "GER"]
[EventRounds "11"]
[EventType "swiss"]
[EventDate "2013.05.18"]

1. e4 e5 2. Nf3 Nc6 3. Nc3 Nf6 4. Bc4 Be7 5. d4 exd4 6. Nxd4 Nxd4 7. Qxd4 O-O
8. O-O d6 9. Bf4 Bd7 10. Rfe1 c5 11. Qe3 b5 12. Bb3 c4 13. e5 dxe5 14. Qxe5 Bb4
15. Bg5 Ng4 16. Qf4 Qa5 17. Qd4 Bxc3 18. bxc3 Rad8 19. Bxd8 Rxd8 20. Bxc4 bxc4
21. Qxc4 Qf5 22. f3 Nf6 23. Qc7 Ra8 24. Rab1 a6 25. Rb8+ Rxb8 26. Qxb8+ Bc8 27.
Qc7 h6 28. Qd8+ Kh7 29. Qc7 Kg8 30. Rd1 Bd7 31. Qd8+ Be8 32. Re1 Qc5+ 33. Kh1
Qxc3 34. Rd1 Kh7 35. Qe7 a5 36. Re1 a4 37. h3 Qxc2 38. Kh2 Qxa2 39. Qe5 Qb3 40.
Qf5+ Kg8 41. Qe5 Kh7 42. Qf5+ Kg8 43. Rb1 Qc4 44. Qe5 Kh7 45. Qe7 Qf4+ 46. Kh1
Nh5 47. Qxe8 Ng3+ 48. Kg1 Qd4+ 49. Kh2 Qf4 50. Qb5 Nf1+ 51. Kg1 Ne3 52. Qd3+
Kg8 53. Rc1 g6 54. Rc8+ Kg7 55. Qc3+ f6 56. Qc6 h5 57. Qd7+ Kh6 58. Rh8+ Kg5
59. Qb5+ Kh4 60. Qa5 Qd4 61. Qe1+ Kg5 62. h4+ Kf5 63. Qa5+ Kf4 64. Qc7+ Kf5 65.
Qc8+ Kf4 66. Kh2 Nf1+ 67. Kh3 Qg1 68. Qc4+ Kf5 69. Qe4# 1-0

[Event "DEM U10/U10w 2013"]
[Site "Oberhof GER"]
[Date "2013.05.21"]
[Round "5"]
[White "Guckes, Simon"]
[Black "Straßburg, Robin"]
[Result "1-0"]
[Termination "normal"]
[Board "45"]
[WhiteElo "1122"]
[BlackElo "911"]
[PlyCount "81"]
[WhiteFideId "12944955"]
[BlackFideId "16210018"]
[EventCountry "GER"]
[EventRounds "11"]
[EventType "swiss"]
[EventDate "2013.05.18"]

1. e4 e5 2. Nf3 Nc6 3. Bb5 a6 4. Bxc6 dxc6 5. Nxe5 Qe7 6. d4 f6 7. Nf3 Qxe4+ 8.
Be3 Bg4 9. Nbd2 Qe6 10. O-O Qf7 11. h3 Be6 12. b3 Bd6 13. Re1 Ne7 14. c4 O-O
15. c5 Bxc5 16. dxc5 Nd5 17. Nc4 Qg6 18. Nh4 Qe4 19. Nf3 Qg6 20. Nh4 Qe4 21.
Bg5 Qxe1+ 22. Qxe1 Rfe8 23. Qd2 fxg5 24. Qxg5 Rad8 25. Rd1 Rd7 26. Nf5 Bxf5 27.
Qxf5 Rf7 28. Qh5 Ref8 29. Rd2 Nf4 30. Qd1 Nd5 31. Ne3 Nxe3 32. fxe3 Re7 33. Rd3
Ref7 34. Rd7 a5 35. Rxf7 Rxf7 36. e4 Rf8 37. e5 Re8 38. Qd7 Rxe5 39. Qxc7 Rxc5
40. Qxb7 Rc2 41. Qc8+ 1-0

[Event "DEM U10/U10w 2013"]
[Site "Oberhof GER"]
[Date "2013.05.21"]
[Round "5"]
[White "Schilay, Maria"]
[Black "Rizo Wellmann, Darja"]
[Result "1-0"]
[Termination "normal"]
[Board "46"]
[WhiteElo "1048"]
[BlackElo "956"]
[PlyCount "73"]
[WhiteFideId "12942979"]
[BlackFideId "16218361"]
[EventCountry "GER"]
[EventRounds "11"]
[EventType "swiss"]
[EventDate "2013.05.18"]

1. e4 e5 2. Nf3 Nc6 3. d4 exd4 4. Bc4 Nf6 5. e5 d5 6. Bb5 Ne4 7. Nxd4 Bd7 8.
Bxc6 bxc6 9. O-O Bc5 10. Be3 Bb6 11. Nc3 Nxc3 12. bxc3 O-O 13. Qf3 Re8 14. Qg3
c5 15. Bg5 Qxg5 16. Qxg5 cxd4 17. Rad1 c5 18. h4 Re6 19. Rd3 Rg6 20. Qe7 Bf5
21. Rf3 Be6 22. h5 Rg4 23. g3 dxc3 24. Rxc3 g6 25. h6 c4 26. Qf6 Kf8 27. Qh8+
Ke7 28. Qxa8 f5 29. Rb1 Bd4 30. Qb7+ Bd7 31. Ra3 a5 32. Rxa5 Rxg3+ 33. Kf1 Rf3
34. Qb4+ Ke6 35. Qd6+ Kf7 36. Qxd7+ Kf8 37. Rb8# 1-0

[Event "DEM U10/U10w 2013"]
[Site "Oberhof GER"]
[Date "2013.05.21"]
[Round "5"]
[White "Zell, Hannah"]
[Black "Jaenecke, Maike"]
[Result "0-1"]
[Termination "normal"]
[Board "47"]
[WhiteElo "723"]
[BlackElo "968"]
[PlyCount "51"]
[WhiteFideId "16208900"]
[EventCountry "GER"]
[EventRounds "11"]
[EventType "swiss"]
[EventDate "2013.05.18"]

1. e4 e5 2. Nf3 Nc6 3. Bb5 Nf6 4. d3 a6 5. Ba4 h6 6. O-O Bd6 7. c3 O-O 8. Nbd2
Be7 9. Re1 d6 10. h3 Be6 11. Nf1 Qd7 12. Ng3 d5 13. Rf1 Qd6 14. Bd2 dxe4 15.
dxe4 Qd7 16. Nh4 Nxe4 17. Nxe4 Bxh4 18. Qh5 Qe7 19. Bc2 Rfd8 20. g3 Bf6 21.
Bxh6 Kf8 22. Rad1 Rxd1 23. Rxd1 Rd8 24. Rf1 Ke8 25. Ng5 Bxg5 26. Bxg5 { es
folgte 26...f6 27.Dh8+ Kd7 28.Td1+ Kc8 29.Dh7 fxg5 30.Dg6 Txd1+ 31.Lxd1 Lxa2
32.Lf3 Dd6 33.Dxg7 Dd8 34.h4 gxh4 35.Lxc6 bxc6 36.Dxe5 Dd1+ 37.Kg2 Ld5+ 38.Kh3
Dh1+ 39.Kg4 h3 40.De8+ Kb7 41.Dh8 h2 42.f4 Dd1+ 43.Kh3h1D#} 0-1